Chcela byť kuchárkou herečka Gabriela Dzúriková túžila v detstve viac po kuchárskom umení, no osud to zariadil ináč. dnes ju pozná celé Slovensko ako milenku Dr. Fabiána

Bibliographic Details
Main Author: Krčmárová, Monika (Author)
Format: Article
Language:Slovak
PhysicalDescription:Obr.
ISSN:1335-2776
Subjects:
Online Access:www.markiza.sk

MARC

LEADER 00000nab a2200000 a 4500
001 vtls009155423
003 SK-MaSNL
005 20260303064331.0
008 071102|2007 xo wrz r 000 0 slo
015 |a SNBRB2007/11  |2 kevkjb 
038 |a KEVKJB 
040 |a KEVKJB  |b slo  |c KEVKJB  |e AACR2 
041 0 |a slo 
044 |a xo  |c SK 
080 |a 792.071.2  |2 2001 
080 |a 929 Dzúriková, Gabriela  |2 2001 
100 1 |a Krčmárová, Monika  |4 aut  |9 1033296 
245 1 0 |a Chcela byť kuchárkou  |b herečka Gabriela Dzúriková túžila v detstve viac po kuchárskom umení, no osud to zariadil ináč. dnes ju pozná celé Slovensko ako milenku Dr. Fabiána  |c Monika Krčmárová 
300 |b Obr. 
600 1 7 |a Dzuríková, Gabriela,  |d 1973-  |2 kevkjb  |9 107038 
773 0 |t Markíza  |g Roč. X, č. 44 (2007), s. 24-25  |x 1335-2776 
852 |a KEVKJB  |b KIS3GCP 
856 4 1 |u www.markiza.sk 
958 |a BX 
999 |c 1746693  |d 1748623